| 000 | 02559nam0a2200373 4500 | ||
|---|---|---|---|
| 001 | RU\NLR\BIBL_A\022456582 | ||
| 005 | 20260420025635.0 | ||
| 010 |
_a978-5-8064-3557-7 _9100 |
||
| 021 |
_aRU _bКН-П-24-081075 _9КН-П-24-8088 |
||
| 035 | _a(NLR Aleph) 022456582 | ||
| 090 |
_a13670922 _c13670922 |
||
| 100 | _a20250213d2024 k y0rusy50 ca | ||
| 101 | 0 |
_arus _deng |
|
| 102 | _aRU | ||
| 105 | _aa z 100yy | ||
| 181 | 0 |
_ai _baxxe |
|
| 182 | 0 | _an | |
| 200 | 1 |
_aМетодика преподавания в современной школе: актуальные проблемы и инновационные решения _eматериалы II Российско-узбекской научно-практической конференции, Ташкент, 15–16 ноября 2024 года _fРоссийский государственный педагогический университет им. А. И. Герцена _gредакционная коллегия: С. В. Тарасов (сопредседатель) [и др.] |
|
| 203 |
_aТекст _bвизуальный _cнепосредственный |
||
| 210 |
_aСанкт-Петербург _cИзд-во РГПУ им. А. И. Герцена _d2024 |
||
| 215 |
_a471, [1] с. _cил., табл. _d21 |
||
| 300 | _aНа с. 101–102 QR-коды ссылок на доп. информ. | ||
| 300 | _aРез. англ. | ||
| 320 | _aБиблиогр. в конце ст. | ||
| 606 | 1 |
_aШколы _jСъезды, совещания и т.п _xПреподавание _92609688 _3RU\NLR\AUTH\661546246 |
|
| 686 | 1 | _aЧ421.2я431 | |
| 702 | 1 |
_4340 _7ca _8rus _aТарасов _bС. В. _cд-р пед. наук, канд. психол. наук _f1966- _gСергей Валентинович _934547 _3RU\NLR\AUTH\7751614 |
|
| 711 | 1 | 2 |
_a"Методика преподавания в современной школе: актуальные проблемы и инновационные решения", российско-узбекская научно-практическая конференция _d2 _eТашкент _f2024 _92655796 _3RU\NLR\AUTH\880623428 |
| 712 | 0 | 2 |
_4475 _aРоссийский государственный педагогический университет им. А. И. Герцена _cСанкт-Петербург _9353794 _3RU\NLR\AUTH\889929136 |
| 942 | _cBOOK | ||
| 980 | _aNB | ||